Úvahy o tvorbe ideálnej ponuky alebo: cesta od ideálneho produktu po ideálneho zákazníka
Tvorba ideálneho produktu. Ideálna správa o produkte. Ideálna príležitosť na nákup - splnenie určitých podmienok. Výchova ideálneho zákazníka - jeho charakteristika.
Na minha lista:
| Autor principal: | |
|---|---|
| Formato: | Capítulo de Livro |
| Idioma: | eslovaco |
| Assuntos: | |
| Tags: |
Sem tags, seja o primeiro a adicionar uma tag!
|
MARC
| LEADER | 00000naa a2200000 4500 | ||
|---|---|---|---|
| 001 | r046957 | ||
| 005 | 20231002114439.6 | ||
| 041 | 0 | |a slo | |
| 044 | |a SK | ||
| 245 | 1 | 0 | |a Úvahy o tvorbe ideálnej ponuky |b alebo: cesta od ideálneho produktu po ideálneho zákazníka |c Elena Horská |
| 520 | |a Tvorba ideálneho produktu. Ideálna správa o produkte. Ideálna príležitosť na nákup - splnenie určitých podmienok. Výchova ideálneho zákazníka - jeho charakteristika. | ||
| 610 | 2 | 0 | |a marketing |
| 610 | 2 | 0 | |a produkty |
| 610 | 2 | 0 | |a ceny |
| 610 | 2 | 0 | |a nákup |
| 610 | 2 | 0 | |a zákazníci |
| 610 | 2 | 0 | |a ponuka |
| 100 | 1 | |a Horská, Elena | |